000 00966nam a2200301 4500
001 4770438
005 20150302102721.0
007 000
008 000
010 _a 86022122
020 _a0387169970 (U.S.)
040 _aUOEL
_cDLC
_dDLC
050 0 0 _aQP551
_b.A325 1986
060 _aQU 60 A2438
082 0 0 _a547.7/5
_219
245 0 0 _aAdvanced methods in protein microsequence analysis /
_cedited by B. Wittmann-Liebold, J. Salnikow, V.A. Erdmann.
260 _aBerlin ;
_aNew York :
_bSpringer-Verlag,
_cc1986.
300 _aviii, 423 p. :
_bill. ;
_c25 cm.
504 _aIncludes bibliographies and index.
650 0 _aAmino acid sequence.
_xPhysiology
650 2 _aAmino Acid Sequence.
650 2 _aProteins
_xanalysis.
700 2 _aWittmann-Liebold, B.
_q(Brigitte),
_d1931-
700 1 _aSalnikow, J.
_q(Johann),
_d1938-
700 1 _aErdmann, V. A.
_q(Volker A.),
_d1941-
906 _a7
_bcbc
_corignew
_d1
_eocip
_f19
_gy-gencatlg
942 _2lcc
_cLL
999 _c2492
_d2492